Planets - Sudden Death - Statistics

General Stats
  • This quiz has been taken 1,801 times
  • The average score is 7 of 8
Answers on the Grid
Answers color-coded by a green-red scale on the quiz's grid according to % correct below.
Mars
Ceres
Jupiter
Makemake
Setna
Earth
Saturn
Neptune
Haumea
Venus
Charon
Uranus
Pluto
Mercury
Eris
Ganymede
 
Answer Stats
Answer % Correct
Mars
97%
Jupiter
87%
Saturn
87%
Earth
86%
Venus
86%
Neptune
85%
Uranus
82%
Mercury
81%
No matching quizzes found
Score Distribution
Percent of People with Each Score
Percentile by Number Answered
Your Score History
You have not taken this quiz